000 00406nab a2200145Ia 4500
003 ES-SlBCS
005 20210601124933.0
008 140529s1988 xxu||||| |||| 00| 0 eng d
041 _aeng
100 1 _aNewman, Andrew
_9138998
245 0 4 _aThe Causal Relation and its Terms
_c Andrew Newman
650 0 4 _aRelación Causal
_9151646
773 0 _tMind
_gvol. 97, 1988, págs. 529-550
_wRev1408
942 _cAR
999 _c522002
_d522002